[Event "Cup Serbia (team)"]
[Site "masterchessopen.com Valjevo (Serbia)"]
[Date "2011.05.19"]
[Round "4"]
[White "Roganovic Milos (SRB)"]
[Black "Milosevic Aleksandar (SRB)"]
[Result "0-1"]
[WhiteElo "2480"]
[BlackElo "2275"]

1.e4 c5 2.Nf3 e6 3.d4 cxd4 4.Nxd4 a6 5.Bd3 Bc5 6.Nb3 Be7 7.Qg4 Bf6 8.Qg3 Nc6
9.N1d2 d6 10.Nc4 e5 11.Be3 Nge7 12.Bb6 Qd7 13.O-O-O Ng6 14.Be2 Nf4 15.Bf3 O-O
16.Nxd6 Nb4 17.Kb1 Qa4 18.Nc1 Qxc2+ 19.Ka1 Be6 20.Bg4 Bxa2 21.Nxa2 Qa4 {#R}
0-1

[Event "It \"]
[Site "masterchessopen.com Bhubaneswar (India)"]
[Date "2011.05.29"]
[Round "2"]
[White "Kiran Monisha Mohanty (IND)"]
[Black "Hossain Enamul (BAN)"]
[Result "0-1"]
[WhiteElo "2213"]
[BlackElo "2481"]

1.e4 c5 2.Nf3 e6 3.d4 cxd4 4.Nxd4 a6 5.Bd3 Bc5 6.Nb3 Ba7 7.Qe2 Nc6 8.Be3 d6
9.O-O Nge7 10.c4 e5 11.Nc3 O-O 12.Rfd1 Be6 13.Rac1 Nd4 14.Bxd4 exd4 15.Nd5 Ng6
16.Bb1 Bxd5 17.exd5 Re8 18.Qd2 Qf6 19.Bxg6 hxg6 20.Nxd4 Bxd4 21.Qxd4 Re1+ {#R}
0-1

[Event "Zt (w)"]
[Site "masterchessopen.com Tashkent (Uzbekistan)"]
[Date "2011.06.10"]
[Round "3"]
[White "Muminova Nafisa (UZB)"]
[Black "Tokhirjanova H (UZB)"]
[Result "1-0"]
[WhiteElo "2319"]
[BlackElo "2006"]

1.e4 c5 2.Nf3 e6 3.d4 cxd4 4.Nxd4 a6 5.Bd3 Bc5 6.Nb3 Be7 7.Qg4 g6 8.Qe2 d6
9.Nc3 Qc7 10.Be3 Nf6 11.O-O-O Nbd7 12.f4 b5 13.a3 Nc5 14.Kb1 Rb8 15.e5 dxe5
16.Bxc5 Bxc5 17.fxe5 Nd7 18.Ne4 Qxe5 19.Nexc5 {#r} 1-0

[Event "It (open)"]
[Site "masterchessopen.com Liptov (Slovakia)"]
[Date "2011.06.27"]
[Round "6"]
[White "Mraz Martin (SVK)"]
[Black "Vronka Peter (SVK)"]
[Result "1-0"]
[WhiteElo "1965"]
[BlackElo "1868"]

1.e4 c5 2.Nf3 e6 3.d4 cxd4 4.Nxd4 a6 5.Bd3 Nf6 6.O-O Qc7 7.Nc3 Bd6 8.h3 O-O
9.Be3 Bh2+ 10.Kh1 Bf4 11.Qe2 Bxe3 12.Qxe3 d6 13.f4 Nc6 14.a3 Bd7 15.Nf3 e5
16.fxe5 Nxe5 17.Nxe5 dxe5 18.Rxf6 gxf6 19.Nd5 Qd6 20.Qh6 Bf5 21.Nxf6+ Kh8
22.exf5 {#r} 1-0

[Event "It (open)"]
[Site "masterchessopen.com Karvina (Czech Republic)"]
[Date "2011.07.04"]
[Round "3"]
[White "Novosadova Kristyna (CZE)"]
[Black "Fuskova Martina (CZE)"]
[Result "1-0"]
[WhiteElo "2055"]
[BlackElo "1739"]

1.e4 c5 2.Nf3 e6 3.d4 cxd4 4.Nxd4 a6 5.Bd3 Bc5 6.Nb3 Ba7 7.O-O d6 8.Qg4 Nf6
9.Qg3 Nc6 10.Nc3 h5 11.Bg5 Ne5 12.Rad1 Ng6 13.Be2 Ke7 14.e5 Nxe5 15.Ne4 Bb8
16.Qf4 {#r} 1-0

[Event "Memorial M.Najdorf (open) (b)"]
[Site "masterchessopen.com Warsaw (Poland)"]
[Date "2011.07.13"]
[Round "1"]
[White "Jarmula Lukasz (POL)"]
[Black "Lis Mateusz (POL)"]
[Result "1-0"]
[WhiteElo "1940"]
[BlackElo "1674"]

1.e4 c5 2.Nf3 e6 3.d4 cxd4 4.Nxd4 a6 5.Bd3 Nf6 6.O-O Qc7 7.Nc3 b5 8.Re1 d6
9.a4 b4 10.Na2 d5 11.exd5 Nxd5 12.Be4 Be7 13.Bxd5 exd5 14.Bg5 f6 15.Bd2 O-O
16.Bxb4 Bxb4 17.Nxb4 Bb7 18.Ne6 Qd6 19.Nxf8 Qxb4 20.Re8 Nc6 21.Qxd5+ Kh8
22.Ng6# 1-0

[Event "Ch Europe (team) (juniors) (under 18) (g)"]
[Site "masterchessopen.com Iasi (Romania)"]
[Date "2011.07.18"]
[Round "4"]
[White "Adamowicz Katarzyna (POL)"]
[Black "Kolaric Spela (SLO)"]
[Result "1-0"]
[WhiteElo "2077"]
[BlackElo "2102"]

1.e4 c5 2.Nf3 e6 3.d4 cxd4 4.Nxd4 a6 5.Bd3 Nc6 6.Nxc6 dxc6 7.O-O e5 8.Kh1 Bc5
9.f4 Nf6 10.f5 h5 11.Nc3 Ng4 12.Qe1 Qe7 13.Qg3 Kf8 14.Be2 Nf6 15.Bg5 Bd4
16.Qh4 Bd7 17.Rad1 c5 18.Nd5 {#r} 1-0

[Event "Cup Nadezhda (open)"]
[Site "masterchessopen.com Nizhnij Novgorod (Russia)"]
[Round "0"]
[White "Aleinikov Philip V (RUS)"]
[Black "Mylnikova Olga (RUS)"]
[Result "1-0"]
[WhiteElo "2039"]
[BlackElo "1804"]

1.e4 c5 2.Nf3 e6 3.d4 cxd4 4.Nxd4 a6 5.Bd3 b5 6.O-O Bb7 7.Qe2 Nf6 8.Bg5 Be7
9.e5 Nd5 10.Bxe7 Qxe7 11.Qg4 O-O 12.Nd2 d6 13.exd6 Qxd6 14.Ne4 Qe7 15.Qh5 h6
16.Qe5 Nd7 17.Qg3 N7f6 18.Nd6 Rad8 19.N6f5 exf5 20.Nxf5 Nh5 21.Nxe7+ Nxe7
22.Qe5 {#r} 1-0

[Event "Cup Atlantic (cat.3)"]
[Site "masterchessopen.com Groningen (Netherlands)"]
[Date "2011.08.12"]
[Round "5"]
[White "Tate Alan (SCO)"]
[Black "Groenewold Jan Joris (NED)"]
[Result "1-0"]
[WhiteElo "2328"]
[BlackElo "2156"]

1.e4 c5 2.Nf3 e6 3.d4 cxd4 4.Nxd4 a6 5.Bd3 Ne7 6.O-O Nec6 7.c3 b6 8.Be3 d6
9.Nd2 Bb7 10.f4 Nd7 11.f5 e5 12.Ne6 fxe6 13.Qh5+ g6 14.fxg6 Nf6 15.g7+ Nxh5
16.gxh8=Q Qe7 17.Bh6 {#r} 1-0

[Event "It (open)"]
[Site "masterchessopen.com Brasschaat (Belgium)"]
[Date "2011.08.22"]
[Round "3"]
[White "Sadkowsky Daniel (BEL)"]
[Black "Verhulst Nikolaas (BEL)"]
[Result "1-0"]
[WhiteElo "2258"]
[BlackElo "1985"]

1.e4 c5 2.Nf3 e6 3.d4 cxd4 4.Nxd4 a6 5.Bd3 Qc7 6.O-O Nf6 7.Qe2 d6 8.c4 Be7
9.Nc3 b6 10.f4 Nbd7 11.Bd2 Bb7 12.Rae1 Nc5 13.Bc2 e5 14.Nf5 O-O 15.b4 Ne6
16.Nd5 Nxd5 17.exd5 Nd8 18.fxe5 dxe5 19.Qd3 {#r} 1-0

[Event "It (open)"]
[Site "masterchessopen.com Nikea (Greece)"]
[Date "2011.08.26"]
[Round "1"]
[White "Terzidaki Alexandra (GRE)"]
[Black "Grigoriadis Alexandros (GRE)"]
[Result "0-1"]
[WhiteElo "1938"]
[BlackElo "2300"]

1.e4 c5 2.Nf3 e6 3.d4 cxd4 4.Nxd4 a6 5.Bd3 Qc7 6.O-O Nf6 7.Kh1 Be7 8.f4 d6
9.c4 b6 10.Nc3 Bb7 11.Bd2 Nbd7 12.b4 h5 13.Qe2 h4 14.Rae1 g6 15.e5 h3 16.Kg1
hxg2 17.Rf2 dxe5 18.fxe5 Qxe5 19.Qxe5 Nxe5 20.Rxe5 Ng4 21.Nf3 Bxf3 22.Rxf3
Nxe5 {#R} 0-1

[Event "Ch Croatia (team) (1st league) (w)"]
[Site "masterchessopen.com Sibenik (Croatia)"]
[Date "2011.10.06"]
[Round "4"]
[White "Djeno Snjezana (CRO)"]
[Black "Turk Vesna (CRO)"]
[Result "1-0"]
[WhiteElo "2029"]
[BlackElo "1716"]

1.e4 c5 2.Nf3 e6 3.d4 cxd4 4.Nxd4 a6 5.Bd3 Qc7 6.O-O Nf6 7.c4 Bc5 8.Nb3 Ba7
9.Nc3 Nc6 10.Qf3 Ne5 11.Qg3 Bb8 12.f4 Ng6 13.e5 Ng8 14.h4 Qd8 15.h5 Qh4 16.Qf3
Ba7+ 17.c5 Nf8 18.Ne4 Ke7 19.f5 h6 20.g3 Qh3 21.Nf2 Bxc5 22.Nxc5 {#r} 1-0

[Event "Tournament (weekend) (a)"]
[Site "masterchessopen.com Liscate (Italy)"]
[Date "2011.10.15"]
[Round "2"]
[White "Vuelban Virgilio (PHI)"]
[Black "Bevilacqua Maurizio (ITA)"]
[Result "1-0"]
[WhiteElo "2353"]
[BlackElo "2147"]

1.e4 c5 2.Nf3 e6 3.d4 cxd4 4.Nxd4 a6 5.Bd3 Nc6 6.Nxc6 bxc6 7.O-O d5 8.c4 Nf6
9.Nc3 d4 10.Ne2 Be7 11.e5 Ng4 12.Be4 Bb7 13.Bf4 f5 14.exf6 Bxf6 15.Ng3 Ne5
16.Bxe5 {#r} 1-0

[Event "Ch Brazil (1/2 final)"]
[Site "masterchessopen.com Brasilia (Brazil)"]
[Date "2011.11.02"]
[Round "8"]
[White "Barbosa Evandro Amorim (BRA)"]
[Black "Name Gabriel (BRA)"]
[Result "1-0"]
[WhiteElo "2383"]
[BlackElo "2137"]

1.e4 c5 2.Nf3 e6 3.d4 cxd4 4.Nxd4 a6 5.Bd3 Ne7 6.O-O Nbc6 7.Nb3 Nb4 8.Nc3 Nec6
9.Be3 b5 10.f4 Be7 11.Qh5 g6 12.Qh6 Bf8 13.Qh3 Bg7 14.e5 d5 15.Nd4 {#r} 1-0

[Event "Ch Hungary (juniors) (team)"]
[Site "masterchessopen.com Miskolc (Hungary)"]
[Date "2011.11.03"]
[Round "2"]
[White "Pajor Matyas (HUN)"]
[Black "Guber Tamas (HUN)"]
[Result "1-0"]
[WhiteElo "1848"]
[BlackElo "1621"]

1.e4 c5 2.Nf3 e6 3.d4 cxd4 4.Nxd4 a6 5.Bd3 Bc5 6.Nb3 Be7 7.Nc3 Qc7 8.Qf3 Nf6
9.Bf4 d6 10.h3 O-O 11.O-O-O Nc6 12.g4 Nd7 13.Qg3 h6 14.Be2 Nde5 15.h4 Qd8
16.g5 hxg5 17.hxg5 Ng6 18.Qh2 f5 19.Qh7+ Kf7 20.Qxg6+ Kxg6 21.Bh5+ Kh7 22.Bf7#
1-0

[Event "Ch City (w)"]
[Site "masterchessopen.com Saratov (Russia)"]
[Date "2011.11.17"]
[Round "2"]
[White "Rjanova Valery (RUS)"]
[Black "Chekmareva Liya"]
[Result "1-0"]
[WhiteElo "2223"]
[BlackElo "1777"]

1.e4 c5 2.Nf3 e6 3.d4 cxd4 4.Nxd4 a6 5.Bd3 Qc7 6.Qe2 Ne7 7.Nc3 Nbc6 8.Nb3 Ne5
9.f4 Nxd3+ 10.cxd3 Nc6 11.Be3 b5 12.Rc1 Be7 13.O-O O-O 14.f5 Bd6 15.Qh5 g6
16.Qh6 Re8 17.fxg6 fxg6 18.Rf7 Bxh2+ 19.Kh1 Kxf7 20.Qxh7+ Kf6 21.Rf1+ {#r} 1-0

[Event "It (open)"]
[Site "masterchessopen.com Pavlodar (Kazakhstan)"]
[Date "2011.12.06"]
[Round "7"]
[White "Kazakov Konstantin (KAZ)"]
[Black "Kostenko Petr (KAZ)"]
[Result "0-1"]
[WhiteElo "2298"]
[BlackElo "2487"]

1.e4 c5 2.Nf3 e6 3.d4 cxd4 4.Nxd4 a6 5.Bd3 d6 6.c4 Nd7 7.O-O b6 8.Nc3 Bb7 9.b3
Ngf6 10.Re1 Rc8 11.Bb2 g6 12.Rc1 Bg7 13.Bb1 O-O 14.Ba3 Nc5 15.b4 Ncd7 16.Na4
Re8 17.b5 Nc5 18.e5 dxe5 19.Nxc5 bxc5 20.Nb3 Qb6 {#R} 0-1

[Event "It (open)"]
[Site "masterchessopen.com Pavlodar (Kazakhstan)"]
[Date "2011.12.06"]
[Round "7"]
[White "Ulkhanov Azamat (KAZ)"]
[Black "Ismailov Mukhit (KAZ)"]
[Result "1-0"]
[WhiteElo "2190"]
[BlackElo "2107"]

1.e4 c5 2.Nf3 e6 3.d4 cxd4 4.Nxd4 a6 5.Bd3 Qc7 6.O-O Nf6 7.Qe2 h5 8.h3 Bc5
9.Nb3 Ba7 10.Be3 Nc6 11.Bxa7 Rxa7 12.a4 g5 13.Nc3 h4 14.Rae1 d6 15.f4 Nh5
16.Nd5 {#r} 1-0

[Event "Ch City (open)"]
[Site "masterchessopen.com Skopje (Macedonia)"]
[Date "2011.12.10"]
[Round "8"]
[White "Kacakovski Dimitar (MKD)"]
[Black "Tairi Krenar (MKD)"]
[Result "1-0"]
[WhiteElo "2157"]
[BlackElo "1763"]

1.e4 c5 2.Nf3 e6 3.d4 cxd4 4.Nxd4 a6 5.Bd3 Qc7 6.O-O b5 7.a4 b4 8.Qe2 Bb7
9.Nd2 Bd6 10.Kh1 Nc6 11.Nxc6 dxc6 12.Nc4 Ne7 13.e5 Bc5 14.Be3 Ba7 15.Nd6+ Kf8
16.Bxa7 Rxa7 17.f4 Nc8 18.Qf2 Ra8 19.f5 exf5 20.Qxf5 f6 21.Nxb7 Qxb7 22.exf6
{#r} 1-0

[Event "Ch Tatarstan (open)"]
[Site "masterchessopen.com Kazan (Russia)"]
[Date "2011.12.15"]
[Round "3"]
[White "Murtazin Bulat (RUS)"]
[Black "Khanov Ramil (RUS)"]
[Result "1-0"]
[WhiteElo "1985"]
[BlackElo "2113"]

1.e4 c5 2.Nf3 e6 3.d4 cxd4 4.Nxd4 a6 5.Bd3 Nc6 6.Nxc6 dxc6 7.O-O e5 8.Nc3 Be6
9.Kh1 Bb4 10.Qe2 Bxc3 11.bxc3 Qa5 12.f4 exf4 13.Bxf4 O-O-O 14.Qe3 Ne7 15.Qa7
Qxc3 16.Rab1 {#r} 1-0

[Event "Memorial Andranik Margaryan (cat.8)"]
[Site "masterchessopen.com Yerevan (Armenia)"]
[Date "2012.01.15"]
[Round "11"]
[White "Idani Pouya (IRI)"]
[Black "Vardanyan H"]
[Result "1-0"]
[WhiteElo "2448"]
[BlackElo "1948"]

1.e4 c5 2.Nf3 e6 3.d4 cxd4 4.Nxd4 a6 5.Bd3 Qc7 6.O-O Nc6 7.Nxc6 bxc6 8.f4 d5
9.e5 Bc5+ 10.Kh1 Ne7 11.Bd2 Nf5 12.Bxf5 exf5 13.Qf3 Be6 14.Nc3 O-O {#r} 1-0

[Event "Tournament (open)"]
[Site "masterchessopen.com Santa Eugenia (Spain)"]
[Date "2012.03.02"]
[Round "8"]
[White "Gallart Vila Joan (ESP)"]
[Black "Vidal Zamora Alex (ESP)"]
[Result "0-1"]
[WhiteElo "1754"]
[BlackElo "2183"]

1.e4 c5 2.Nf3 e6 3.d4 cxd4 4.Nxd4 a6 5.Bd3 Bc5 6.Nb3 Ba7 7.Qg4 Nf6 8.Qf3 d6
9.O-O Nc6 10.Be3 Bxe3 11.Qxe3 O-O 12.Nc3 b5 13.Rad1 Qc7 14.a3 Bb7 15.Bxb5 axb5
16.Nxb5 Qb8 17.Nxd6 Rd8 18.Qf4 e5 {#R} 0-1

[Event "Ch Czech Republic (juniors) (under 14)"]
[Site "masterchessopen.com Kouty nad Desnou (Czech Republic)"]
[Date "2012.03.13"]
[Round "5"]
[White "Havelka Josef"]
[Black "Filip Vojtech"]
[Result "1-0"]
[WhiteElo "1737"]
[BlackElo "1821"]

1.e4 c5 2.Nf3 e6 3.d4 cxd4 4.Nxd4 a6 5.Bd3 Qc7 6.O-O Nf6 7.Qe2 d6 8.c4 Be7
9.Be3 O-O 10.Nd2 Nbd7 11.f4 b6 12.b4 Bb7 13.g4 Rac8 14.g5 Ne8 15.Qh5 g6 16.Qh6
e5 17.Rf3 Ng7 18.Rh3 Nh5 19.Rxh5 {#r} 1-0

[Event "It (open)"]
[Site "masterchessopen.com Skopje (Macedonia)"]
[Date "2012.04.08"]
[Round "3"]
[White "Minas Ioannis (GRE)"]
[Black "Petkovski Vlatko (MKD)"]
[Result "0-1"]
[WhiteElo "1930"]
[BlackElo "2160"]

1.e4 c5 2.Nf3 e6 3.d4 cxd4 4.Nxd4 a6 5.Bd3 Qc7 6.O-O Nf6 7.Qe2 d6 8.a4 b6
9.Ra3 Bb7 10.Rc3 Qd8 11.f4 h5 12.Rd1 g6 13.f5 e5 14.Nf3 gxf5 15.exf5 Rg8
16.Bg5 Nbd7 17.h4 Be7 18.Bc4 Ne4 19.Bxf7+ Kxf7 {#R} 0-1

[Event "Extra League 2011/12 (juniors) (final)"]
[Site "masterchessopen.com Czech Republic"]
[Date "2012.04.15"]
[Round "7"]
[White "Langner Jakub (CZE)"]
[Black "Flasar Jaroslav"]
[Result "1-0"]
[WhiteElo "1984"]
[BlackElo "1941"]

1.e4 c5 2.Nf3 e6 3.d4 cxd4 4.Nxd4 a6 5.Bd3 Nc6 6.Be3 Nf6 7.Qe2 Be7 8.Nd2 Ne5
9.N4b3 d5 10.O-O O-O 11.Rad1 Nxd3 12.cxd3 a5 13.e5 Nd7 14.f4 f6 15.Nf3 fxe5
16.fxe5 Qc7 17.Rc1 Qb8 18.Bg5 Bxg5 19.Nxg5 Rxf1+ 20.Rxf1 Qxe5 21.Qh5 Nf6
22.Qf7+ {#r} 1-0

[Event "Tournament (qual) (1/2 final)"]
[Site "masterchessopen.com Puerto Boyaca (Colombia)"]
[Date "2012.04.26"]
[Round "1"]
[White "Arismendi Efrain Steven"]
[Black "Jimenez Jose Mauricio (COL)"]
[Result "0-1"]
[WhiteElo "1668"]
[BlackElo "2197"]

1.e4 c5 2.Nf3 e6 3.d4 cxd4 4.Nxd4 a6 5.Bd3 Qc7 6.b3 Nf6 7.Bb2 Bb4+ 8.Nd2 d5
9.exd5 Nxd5 10.O-O O-O 11.c4 Nf4 12.Bc2 Rd8 13.g3 Ng6 14.N4f3 Qa5 15.Bc1 Bc3
16.a4 Bxa1 {#R} 0-1

[Event "Tournament (qual) (1/2 final)"]
[Site "masterchessopen.com Puerto Boyaca (Colombia)"]
[Date "2012.04.30"]
[Round "8"]
[White "Navia Edwin Adrian (COL)"]
[Black "Galvis Carlos Alberto"]
[Result "1-0"]
[WhiteElo "2052"]
[BlackElo "1979"]

1.e4 c5 2.Nf3 e6 3.d4 cxd4 4.Nxd4 a6 5.Bd3 Qc7 6.O-O Nf6 7.c4 d6 8.Qe2 b6 9.b3
Bb7 10.Bb2 Be7 11.Nc3 O-O 12.Rac1 Nbd7 13.Kh1 Rfe8 14.f4 Bf8 15.Bb1 Rad8
16.Rce1 g6 17.Qf2 Bg7 {#r} 1-0

[Event "It \"]
[Site "masterchessopen.com Cetinje (Montenegro)"]
[Date "2012.05.01"]
[Round "4"]
[White "Blagojevic Tijana"]
[Black "Tomin Ksenija (SRB)"]
[Result "1-0"]
[WhiteElo "1912"]
[BlackElo "1876"]

1.e4 c5 2.Nf3 e6 3.d4 cxd4 4.Nxd4 a6 5.Bd3 Qc7 6.O-O Nf6 7.Qe2 d6 8.c4 Be7
9.b3 O-O 10.Bb2 b6 11.Nd2 Bb7 12.f4 Nbd7 13.Rae1 Rfd8 14.e5 Ne8 15.f5 Nxe5
16.fxe6 f6 17.Bxh7+ Kxh7 18.Qh5+ Kg8 19.Rxe5 dxe5 20.Qf7+ Kh7 21.Rf5 {#r} 1-0

[Event "Tournament (masters)"]
[Site "masterchessopen.com Lisbon (Portugal)"]
[Date "2012.05.06"]
[Round "9"]
[White "Diogo Vasco (POR)"]
[Black "Santos Antonio P (POR)"]
[Result "0-1"]
[WhiteElo "2288"]
[BlackElo "2327"]

1.e4 c5 2.Nf3 e6 3.d4 cxd4 4.Nxd4 a6 5.Bd3 b5 6.O-O Bb7 7.Be3 Nf6 8.Nd2 d6
9.a4 b4 10.f4 Nbd7 11.N4b3 Be7 12.Qe2 O-O 13.a5 e5 14.Rad1 Qc7 {#R} 0-1

[Event "Ch Brazil (juniors) (under 14)"]
[Site "masterchessopen.com Rio de Janeiro (Brazil)"]
[Date "2012.05.12"]
[Round "3"]
[White "Guimaraes Lucas dos S Peixoto"]
[Black "Bassedon Guilherme Mendes"]
[Result "0-1"]
[WhiteElo "1771"]
[BlackElo "1853"]

1.e4 c5 2.Nf3 e6 3.d4 cxd4 4.Nxd4 a6 5.Bd3 Qc7 6.O-O Nf6 7.c4 Bd6 8.f4 Bc5
9.Be3 Qb6 10.Qb3 Qa7 11.Qc3 Nc6 12.Nc2 Bxe3+ 13.Nxe3 Qxe3+ 14.Kh1 Qd4 15.Qd2
d6 16.Nc3 Nb4 17.Rf3 Ng4 18.Rd1 Nxd3 19.Rxd3 Nf2+ {#R} 0-1

[Event "It (open) \"]
[Site "masterchessopen.com Barcelona (Spain)"]
[Date "2012.05.16"]
[Round "9"]
[White "Soriano Pallas Rafael"]
[Black "Rosich Valles Alfredo (ESP)"]
[Result "0-1"]
[WhiteElo "1950"]
[BlackElo "2357"]

1.e4 c5 2.Nf3 e6 3.d4 cxd4 4.Nxd4 a6 5.Bd3 Qc7 6.Qe2 Nc6 7.Nxc6 dxc6 8.O-O e5
9.c4 Nf6 10.Bg5 Be7 11.Kh1 h6 12.Bh4 Bg4 13.f3 Be6 14.Nc3 O-O 15.Rad1 Rad8
16.b3 Nh5 17.Bf2 Nf4 18.Qc2 b5 19.c5 Qa7 20.b4 Nxd3 {#R} 0-1

[Event "Tournament (juniors) (under 12)"]
[Site "masterchessopen.com Villavicencio (Colombia)"]
[Date "2012.05.18"]
[Round "1"]
[White "Salazar Andersson"]
[Black "Morantes Maldonado Hans Mateo"]
[Result "0-1"]
[WhiteElo "1524"]
[BlackElo "1828"]

1.e4 c5 2.Nf3 e6 3.d4 cxd4 4.Nxd4 a6 5.Bd3 Qc7 6.O-O Nc6 7.Nxc6 bxc6 8.Bd2 Bb7
9.Nc3 Nf6 10.Ne2 e5 11.f4 Bc5+ 12.Kh1 d6 13.f5 Ng4 14.Qe1 Qb6 15.Qg3 Nf2+
16.Rxf2 Bxf2 17.Qxg7 O-O-O 18.Qxf7 Qc7 19.Qb3 Qb6 20.Bc3 Be3 21.Rf1 {#R} 0-1

[Event "Ch Panama"]
[Site "masterchessopen.com Panama"]
[Date "2012.06.10"]
[Round "5"]
[White "Sanchez Jorge (PAN)"]
[Black "Mathews Bryan (PAN)"]
[Result "1-0"]
[WhiteElo "2137"]
[BlackElo "2038"]

1.e4 c5 2.Nf3 e6 3.d4 cxd4 4.Nxd4 a6 5.Bd3 Qc7 6.O-O Nf6 7.Qe2 d6 8.c4 Be7
9.Nc3 b6 10.f4 O-O 11.Kh1 Re8 12.e5 Nfd7 13.Nxe6 fxe6 14.Qh5 Nf8 15.Qxe8 g6
16.f5 dxe5 17.fxg6 {#r} 1-0

[Event "Memorial V.Zagorovsky (open)"]
[Site "masterchessopen.com Voronezh (Russia)"]
[Date "2012.06.26"]
[Round "1"]
[White "Klimentov Evgeny"]
[Black "Grishchenko Vladimir (RUS)"]
[Result "0-1"]
[WhiteElo "1818"]
[BlackElo "2069"]

1.e4 c5 2.Nf3 e6 3.d4 cxd4 4.Nxd4 a6 5.Bd3 Qc7 6.c4 Nc6 7.Nxc6 dxc6 8.O-O e5
9.Be3 Nf6 10.h3 Be6 11.Nc3 Rd8 12.Qc2 Nd7 13.a3 Nc5 14.Be2 Bc8 15.Rad1 Ne6
16.Rxd8+ Qxd8 17.Rd1 Qc7 18.Na4 Be7 19.Nb6 O-O 20.Bg4 Nd4 21.Bxd4 Bxg4 22.Bxe5
Bxd1 {#R} 0-1

[Event "It (open)"]
[Site "masterchessopen.com Varna (Bulgaria)"]
[Date "2012.07.16"]
[Round "5"]
[White "Pozdnyakov Nikolay (RUS)"]
[Black "Ganchev Hristo (BUL)"]
[Result "1-0"]
[WhiteElo "1584"]
[BlackElo "1588"]

1.e4 c5 2.Nf3 e6 3.d4 cxd4 4.Nxd4 a6 5.Bd3 b5 6.O-O Qb6 7.Be3 Bc5 8.c3 Qc7
9.Qg4 g6 10.f4 Bb7 11.f5 Nf6 12.Qh4 Ng8 13.fxg6 fxg6 14.Bh6 Qe5 15.Qf2 Ne7
16.Qf8+ Rxf8 17.Rxf8# 1-0

[Event "It (open)"]
[Site "masterchessopen.com Pardubice (Czech Republic)"]
[Date "2012.07.21"]
[Round "2"]
[White "Gopal G N (IND)"]
[Black "Heydarli Kanan Beyukkishi Oglu (AZE)"]
[Result "1-0"]
[WhiteElo "2550"]
[BlackElo "2309"]

1.e4 c5 2.Nf3 e6 3.d4 cxd4 4.Nxd4 a6 5.Bd3 d5 6.exd5 Qxd5 7.O-O Nf6 8.Nc3 Qd6
9.Ne4 Nxe4 10.Bxe4 Nd7 11.c3 Nf6 12.Bf3 Be7 13.Nc6 Nd7 14.Nxe7 Qxe7 15.Bf4 e5
16.Re1 O-O 17.Qd5 Re8 18.Rad1 h6 19.h3 Kh8 20.Bg3 Ra7 21.a4 {#r} 1-0

[Event "Ch Netherlands (open)"]
[Site "masterchessopen.com Dieren (Netherlands)"]
[Date "2012.07.24"]
[Round "1"]
[White "Van Osch Mees (NED)"]
[Black "De Jong Migchiel (NED)"]
[Result "0-1"]
[WhiteElo "2071"]
[BlackElo "2358"]

1.e4 c5 2.Nf3 e6 3.d4 cxd4 4.Nxd4 a6 5.Bd3 Nf6 6.O-O e5 7.Ne2 Bc5 8.Bg5 d6
9.Kh1 Nbd7 10.c4 h6 11.Bxf6 Nxf6 12.b4 Bb6 13.f3 a5 14.b5 Be6 15.Nbc3 Rc8
16.Nd5 Bxd5 17.exd5 e4 18.fxe4 Ng4 19.Qe1 Qg5 20.h4 Qe5 {#R} 0-1

[Event "It (open)"]
[Site "masterchessopen.com Tabor (Czech Republic)"]
[Date "2012.08.04"]
[Round "8"]
[White "Konvicka Martin (CZE)"]
[Black "Bartos Alois (CZE)"]
[Result "1-0"]
[WhiteElo "1923"]
[BlackElo "2082"]

1.e4 c5 2.Nf3 e6 3.d4 cxd4 4.Nxd4 a6 5.Bd3 Nc6 6.Nxc6 bxc6 7.O-O e5 8.Nd2 Bc5
9.Kh1 f6 10.f4 d6 11.Nf3 Be6 12.Qe1 Qe7 13.Qg3 a5 14.Bd2 Bb6 15.Rad1 Bc7
16.fxe5 dxe5 17.Qf2 g5 18.Nxg5 Bg4 19.Be2 Bxe2 20.Qxe2 h5 21.Qc4 {#r} 1-0

[Event "Tournament (Elo)"]
[Site "masterchessopen.com Nevinnomisk (Russia)"]
[Date "2012.08.15"]
[Round "1"]
[White "Tekeyev Zaur"]
[Black "Lyskovich Daniil"]
[Result "1-0"]
[WhiteElo "2273"]
[BlackElo "1916"]

1.e4 c5 2.Nf3 e6 3.d4 cxd4 4.Nxd4 a6 5.Bd3 Nf6 6.O-O Qc7 7.c4 Be7 8.Qe2 b6
9.e5 Ng8 10.Nc3 Bc5 11.Nb3 Ne7 12.Nxc5 bxc5 13.Ne4 Qxe5 14.f4 Qc7 15.f5 exf5
16.Bf4 Qd8 17.Nd6+ Kf8 18.Qh5 Ng6 19.Qxf5 f6 20.Qd5 {#r} 1-0

[Event "It (open)"]
[Site "masterchessopen.com Kuala Lumpur (Malaysia)"]
[Date "2012.09.22"]
[Round "7"]
[White "Padmini Rout (IND)"]
[Black "Sean W"]
[Result "1-0"]
[WhiteElo "2307"]
[BlackElo "2148"]

1.e4 c5 2.Nf3 e6 3.d4 cxd4 4.Nxd4 a6 5.Bd3 Qc7 6.O-O Nc6 7.Nxc6 dxc6 8.Qe2 e5
9.f4 Nf6 10.Kh1 h5 11.f5 h4 12.Bg5 h3 13.g3 b5 14.a4 b4 15.a5 Bb7 16.Nd2 c5
17.Bxf6 gxf6 18.Nc4 Rb8 19.c3 Qc6 20.Rae1 bxc3 21.bxc3 Bh6 22.Bc2 Ke7 {#r} 1-0

[Event "It (sheveningen) (b)"]
[Site "masterchessopen.com Monastir (Tunisia)"]
[Date "2012.09.23"]
[Round "1"]
[White "Amdouni Zoubaier (TUN)"]
[Black "Glek Igor V (GER)"]
[Result "0-1"]
[WhiteElo "2321"]
[BlackElo "2420"]

1.e4 c5 2.Nf3 e6 3.d4 cxd4 4.Nxd4 a6 5.Bd3 Bc5 6.Nb3 Be7 7.Nc3 d6 8.a4 b6
9.O-O Nf6 10.f4 Nbd7 11.Qe2 Qc7 12.Bd2 Bb7 13.Rae1 O-O 14.e5 Ne8 15.Ne4 g6
16.Bc3 dxe5 17.Nf2 exf4 18.Ng4 Nef6 19.Ne5 Nd5 20.Bd4 Nxe5 21.Bxe5 Bd6 22.c4
Ne3 {#R} 0-1